1950 FIFA World Cup Host Cities and Stadiums - Statistics

General Stats
  • This quiz has been taken 38 times
  • The average score is 7 of 12
Answer Stats
Picture Hint Answer % Correct
Brazil Rio de Janeiro
100%
Brazil São Paulo
100%
Brazil Belo Horizonte
82%
8 games | Capacity: 200.000 Estadio Municipal do Maracanã
76%
Brazil Recife
71%
Brazil Curitiba
59%
Brazil Porto Alegre
53%
6 games | Capacity: 60.000 Estádio Municipal Paulo Machado de Carvalho
35%
1 game | Capacity: 20.000 Estádio Adelmar da Costa Carvalho
29%
2 games | Capacity: 10.000 Estádio Durival Britto e Silva
29%
2 games | Capacity: 20.000 Estádio Ildo Meneghetti
29%
3 games | Capacity: 30.000 Estádio Raimundo Sampaio
24%
No matching quizzes found
Score Distribution
Percent of People with Each Score
Percentile by Number Answered
Your Score History
You have not taken this quiz